LIBRARY & INFORMATION CENTRE, KCAET, TAVANUR

ONLINE PUBLIC ACCESS CATALOGUE (OPAC)

Co-engineering and participatory water management : (Record no. 14004)

MARC details
000 -LEADER
fixed length control field 01695cam a2200169 i 4500
020 ## - INTERNATIONAL STANDARD BOOK NUMBER
ISBN 9781107012318 (hardback)
082 00 - DEWEY DECIMAL CLASSIFICATION NUMBER
Classification number 628.1
Item number DAN/CO
100 1# - MAIN ENTRY--AUTHOR NAME
Personal name Daniell, Katherine A.,
245 10 - TITLE STATEMENT
Title Co-engineering and participatory water management :
300 ## - PHYSICAL DESCRIPTION
Number of Pages x, 335 pages :
Other physical details illustrations ;
490 0# - SERIES STATEMENT
Series statement International hydrology series
520 ## - SUMMARY, ETC.
Summary, etc "Effective participatory water management requires effective co-engineering - the collective process whereby organisational decisions are made on how to bring stakeholders together. This trans-disciplinary book highlights the challenges involved in the collective initiation, design, implementation and evaluation of water planning and management processes. It demonstrates how successful management requires the effective handling of two participatory processes: the stakeholder water management process and the co-engineering process required to organise this. The book provides practical methods for supporting improved participatory processes, including the application of theory and models to aid decision-making. International case studies of these applications from Australia, Europe and all over the world including Africa, are used to examine negotiations and leadership approaches, and their effects on the participatory stakeholder processes. This international review of participatory water governance forms an important resource for academic researchers in hydrology, environmental management and water policy, and also practitioners and policy-makers working in water management"--
650 #0 - SUBJECT ADDED ENTRY--TOPICAL TERM
Topical Term Watershed management
650 #0 - SUBJECT ADDED ENTRY--TOPICAL TERM
Topical Term Water resources development
650 #7 - SUBJECT ADDED ENTRY--TOPICAL TERM
Topical Term SCIENCE / Earth Sciences / Hydrology.
942 ## - ADDED ENTRY ELEMENTS (KOHA)
Koha item type Reference
Holdings
Withdrawn status Lost status Damaged status Collection code Home library Current library Shelving location Date acquired Source of acquisition Full call number Accession Number Koha item type
      Reference KAUAET KAUAET Reference 30/03/2013 A & A , Tvpm 628.1 DAN/CO 23819 Reference
free website counter